书目信息 |
| 题名: |
旧唐书
|
|
| 作者: | 刘桒 撰 | |
| 分册: | 三 纪志 | |
| 出版信息: | 北京 中华书局 1975 |
|
| 页数: | 649-1038页 | |
| 开本: | 20cm | |
| 丛书名: | ||
| 单 册: | ||
| 中图分类: | K242.42 | |
| 科图分类: | ||
| 主题词: | 古代史--史籍--中国--唐代 | |
| 电子资源: | ||
| ISBN: | ||
| 000 | 00622nam0 2200241 45 | |
| 001 | 1550458879 | |
| 005 | 20150123135623.34 | |
| 010 | @dCNY1.00 | |
| 100 | @a19951017d1975 em y0chiy0121 ea | |
| 101 | 0 | @achi |
| 102 | @aCN@b110000 | |
| 105 | @ay z 000yy | |
| 200 | 10 | @a旧唐书@Ajiu tang shu@h三@i纪志@f(后晋)刘桒等撰 |
| 210 | @a北京@c中华书局@d1975 | |
| 215 | @a649-1038页@d20cm | |
| 517 | 1 | @a纪志@Aji zhi |
| 606 | @a古代史@x史籍@y中国@z唐代 | |
| 607 | @a中国@x古代史@z唐代 | |
| 690 | @aK242.42@v3 | |
| 701 | 0 | @a刘桒@Aliu xu@4撰 |
| 801 | 0 | @aCN@bTSSF@c20150123 |
| 801 | 2 | @aCN@bNLC |
| 905 | @aZUCC@dK242.42@eJY1:3 | |
| 旧唐书.三.纪志/(后晋)刘桒等撰.-北京:中华书局,1975 |
| 649-1038页;20cm |
| ISBN :CNY1.00 |
| ● |
| 相关链接 |
|
|
|
|
正题名:旧唐书
索取号:K242.42/JY1:3
 
预约/预借
| 序号 | 登录号 | 条形码 | 馆藏地/架位号 | 状态 | 备注 |
| 1 | 7850596 | 278505967 | 学院路分馆/ [索取号:K242.42/JY1:3] | 在馆 | |
| 2 | 7850597 | 278505976 | 学院路分馆/ [索取号:K242.42/JY1:3] | 在馆 |